Amadeus está feliz (Registo nº 2608)

Detalhes MARC
000 -Etiqueta do registo
Cabeçalho 00853nam a22002891 4500
005 - Identificador da versão
Campo de controlo 20240813121939.0
010 ## - Número internacional normalizado dos livros (ISBN)
Número (ISBN) 9720710942
021 ## - Número do Depósito Legal
Código do país PT
Número 193527/03
100 ## - Dados gerais de processamento
Dados gerais de processamento 20070609d2003 bc y0pory5003 ba
102 ## - Pais de publicação ou produção
País de publicação Portugal
101 1# - Língua de publicação
Língua do texto, banda sonora, etc. Português
Língua do documento no original Inglês
106 ## - Campo de dados codificados: material textual
Dados codificados do material textual r
105 ## - Campo de dados codificados: livros
Dados codificados dos livros a z 000zy
215 ## - Descrição física 
Indicação específica da natureza do documento e extensão da espécie [10] p. cartonadas
Outras indicações físicas muito il.
Dimensões 19 cm
200 1# - Titulo e menção de responsabilidade
Título próprio Amadeus está feliz
Primeira menção de responsabilidade texto de Eli A. Cantillon
Outras menções de responsabilidade il. Mandy Standley
225 2# - Colecção 
Título próprio da colecção Mundo mágico
Nome de uma parte ou secção a partir dos 18 meses
210 ## - Publicação, Distribuição, etc. 
Lugar da edição, distribuição, etc. Porto
Nome do editor, distribuidor, etc. Porto Editora
Data da publicação, distribuição, etc. 2003
304 ## - Notas relativas a título e menção de responsabilidade 
Texto da nota Tít. orig.: Amadeus is happy
606 ## - Nome comum usado como assunto
Número de registo de entrada de autoridade 0000001
Palavra de ordem Literatura estrangeira infantil
Subdivisão de assunto Conto
675 ## - Classificação Decimal Universal (CDU)
Notação 82-34
Edição
Língua da edição por
701 #1 - Nome de autor-pessoa física (co-responsabilidade principal)
Palavra de ordem Standley
Outra parte do nome não tomada para palavra de ordem Mandy
Código de função Ilustrador / Técnico de desenho computorizado
700 #1 - Nome de autor-pessoa física (responsabilidade principal)
Número de registo de entrada de autoridade 0000653
Palavra de ordem Cantillon
Outra parte do nome não tomada para palavra de ordem Eli A.
942 ## - Elementos de entrada adicionados (Koha)
Tipo de item no Koha Livro
Exemplares
Situação do levantamento Origin of item (home branch) (coded) Biblioteca de empréstimo Código de barras Cota Circulation type (not for loan) Tipo de documento Nota do exemplar Damaged status
  Biblioteca Escolar da Coca Maravilhas Biblioteca Escolar da Coca Maravilhas BECM8243/07 8EST CAN   Livro Sem mensagem